Tòa án hình sự quốc tế - Góc nhìn Việt Nam : Sách chuyên khảo

Sách trình bày những nét tổng quát về tòa án hình sự quốc tế, quyền tài phán và luật áp dụng, cơ cấu tổ chức và cơ chế hoạt động, ...

Na minha lista:
Detalhes bibliográficos
Autor principal: Nguyễn, Bá Sơn
Formato: Livro
Idioma:Undetermined
Publicado em: Hà Nội Thanh niên 2007
Assuntos:
Tags: Adicionar Tag
Sem tags, seja o primeiro a adicionar uma tag!
Thư viện lưu trữ: Trung tâm Học liệu Trường Đại học Cần Thơ
LEADER 00868nam a2200217Ia 4500
001 CTU_192741
008 210402s9999 xx 000 0 und d
020 |c 45000 
082 |a 345.05 
082 |b S464 
100 |a Nguyễn, Bá Sơn 
245 0 |a Tòa án hình sự quốc tế - Góc nhìn Việt Nam : 
245 0 |b Sách chuyên khảo 
245 0 |c Nguyễn Bá Sơn chủ biên 
260 |a Hà Nội 
260 |b Thanh niên 
260 |c 2007 
520 |a Sách trình bày những nét tổng quát về tòa án hình sự quốc tế, quyền tài phán và luật áp dụng, cơ cấu tổ chức và cơ chế hoạt động, ... 
650 |a Criminal procedure,Tố tụng hình sự 
910 |a Hải 
980 |a Trung tâm Học liệu Trường Đại học Cần Thơ